000 00494nam a2200181Ia 4500
999 _c29151
_d29151
003 OSt
005 20210108093213.0
008 190216s9999||||xx |||||||||||||| ||und||
020 _a9788126414000
040 _coclc
082 _a894.812301
_bSHA/J
100 _aShajikumar, P V
_98245
245 0 _aJanam /
_cP V Shajikumar
260 _bDc Books,
_aKottayam:
_c2006.
300 _a86p
650 _aKathakal
942 _cBK
_2ddc
_h894.812301
_iSHA/J
_k894.812301
_mSHA/J